| 000 | 00567nam a2200169 4500 | ||
|---|---|---|---|
| 001 | 132679 | ||
| 003 | ES-MaACL | ||
| 005 | 20230906194227.0 | ||
| 007 | t| | ||
| 008 | 070214s1971 sp r ||||1| spa d | ||
| 100 | 1 |
_aRordorf, Willy. _999558 |
|
| 245 | 1 | 3 |
_aEl domingo _b: historia del día de descanso y de culto en los primeros siglos de la Iglesia cristiana / _cWilly Rordorf ; [traducción... por Daniel Vidal]. |
| 260 |
_aMadrid : _bMarova, _c1971. |
||
| 300 |
_a317 p. ; _c21 cm. |
||
| 700 | 1 |
_aVidal, Daniel. _9114417 |
|
| 852 |
_aES-MaACL _jC-47035 _bR.80491 |
||
| 999 |
_c132679 _d132679 |
||